000 00744nam a2200205 a 4500
008 120416s1982 ||||||||||||||||| || u
020 _a0070458847
050 _aQC 665.E4 Pau
100 _aPaul, Clayton R
245 1 0 _aIntroduction to electromagnetic fields
260 _aNew York
_bMcGraw-Hill
_c1982
300 _axii, 567p. : ill.
350 _a0.00
490 _aMcGraw-Hill series in electrical engineering. Electromagnetics
500 _aIncludes bibliographical references and index.
650 _aELECTRICITY
650 _aELECTROMAGNETIC FIELDS
700 _aNasar, S. A
995 _D0.00
_FCBU-MAIN LIBRARY (Kitwe)
_H1
_I42.50
_M1
_UDAMAGED
_ZMain Library Open Access Collection
999 _c47718
_d47718